[Event "Cortina d'Ampezzo op 2nd"]
[Site "Cortina d'Ampezzo"]
[Date "2004.07.??"]
[Round "6"]
[White "Quarante, Cristiano"]
[Black "Fontana, Enrico"]
[Result "0-1"]
[WhiteElo "2110"]
[BlackElo "2056"]
[PlyCount "88"]
[EventDate "2004.07.11"]
[EventType "swiss"]
[EventRounds "7"]
[EventCountry "ITA"]
[SourceTitle "CBM 101 Extra"]
[Source "ChessBase"]
[SourceDate "2004.09.01"]
[SourceVersion "2"]
[SourceVersionDate "2004.09.01"]
[SourceQuality "1"]

1. d4 Nf6 2. Bg5 d5 3. Bxf6 exf6 4. e3 c6 5. c4 dxc4 6. Bxc4 Qb6 7. Qc2 Na6 8. Nc3 Be7 9. Nge2 0-0 10. 0-0 Be6 11. Bd3 h6 12. a3 Bb3 13. Qd2 Rfd8 14. Nc1 Nc7 15. Nxb3 Qxb3 16. Bc2 Qe6 17. b4 a5 18. Qd3 f5 19. bxa5 Rxa5 20. Rfb1 b5 21. Ne2 Nd5 22. Bb3 Qd7 23. Nc3 Nxc3 24. Qxc3 Rda8 25. Bd1 c5 26. dxc5 Bf6 27. c6 Bxc3 28. cxd7 Bxa1 29. Rxa1 Rd8 30. Bc2 Rxd7 31. Bxf5 Rxa3 32. Rc1 Rc3 33. Ra1 Ra7 34. Rb1 g6 35. Be4 Rca3 36. Kf1 Ra1 37. Ke2 R7a2+ 38. Kf3 Rxb1 39. Bxb1 Rb2 40. Bd3 b4 41. Bc4 Rc2 42. Bd3 b3 43. e4 Rc3 44. Ke2 b2 0-1

[Event "Cortina d'Ampezzo op 2nd"]
[Site "Cortina d'Ampezzo"]
[Date "2004.07.??"]
[Round "9"]
[White "Rocchetti, Marco"]
[Black "Quarante, Cristiano"]
[Result "1/2-1/2"]
[WhiteElo "1978"]
[BlackElo "2110"]
[PlyCount "101"]
[EventDate "2004.07.11"]
[EventType "swiss"]
[EventRounds "7"]
[EventCountry "ITA"]
[SourceTitle "CBM 101 Extra"]
[Source "ChessBase"]
[SourceDate "2004.09.01"]
[SourceVersion "2"]
[SourceVersionDate "2004.09.01"]
[SourceQuality "1"]

1. d4 Nf6 2. Nf3 c5 3. e3 e6 4. Bd3 Be7 5. 0-0 b6 6. Qe2 d6 7. b3 0-0 8. Bb2 Nbd7 9. Nbd2 Qc7 10. Rad1 Bb7 11. Rfe1 a6 12. c4 Rfd8 13. Bb1 Rac8 14. e4 e5 15. dxe5 dxe5 16. Nf1 Bd6 17. Ng3 g6 18. Bc1 Bf8 19. h3 Re8 20. Nh2 Nb8 21. Ng4 Bg7 22. h4 Nc6 23. Qf3 Re6 24. Bg5 Nxg4 25. Qxg4 h5 26. Qh3 Nd4 27. Ne2 Rd6 28. Nxd4 Rxd4 29. Be3 Rd6 30. Qf3 Rcd8 31. Bc2 Bc8 32. Qe2 Bf6 33. Rxd6 Rxd6 34. g3 Qe7 35. Rd1 Rc6 36. Rd2 Bg4 37. f3 Bc8 38. Qh2 g5 39. hxg5 Bxg5 40. f4 Bh6 41. Qf2 Rg6 42. f5 Bxe3 43. Qxe3 Rg4 44. Bd1 Rg5 45. Rh2 Qd8 46. Be2 Qd4 47. Qxd4 cxd4 48. Kf2 Bb7 49. Bd3 f6 50. Rh4 Kf7 51. g4 1/2-1/2

[Event "Internet Section 06A g/8'+2\""]
[Site "Dos Hermanas"]
[Date "2004.03.06"]
[Round "1"]
[White "Quarante, Cristiano"]
[Black "VIlarnau Celarain, Albert"]
[Result "1-0"]
[WhiteElo "2020"]
[BlackElo "787"]
[PlyCount "115"]
[EventDate "2004.03.06"]
[EventType "swiss (blitz)"]
[EventRounds "9"]
[EventCountry "ESP"]
[SourceTitle "CBM 099 Extra"]
[Source "ChessBase"]
[SourceDate "2004.05.04"]
[SourceVersion "1"]
[SourceVersionDate "2004.05.04"]
[SourceQuality "1"]

1. d4 d5 2. Nf3 Nf6 3. e3 Nc6 4. Bd3 Bg4 5. c3 e6 6. Nbd2 g6 7. 0-0 Bg7 8. h3 0-0 9. hxg4 Nxg4 10. e4 Qd7 11. e5 b6 12. Re1 Qd8 13. Nf1 Nh6 14. Ng3 Ne7 15. Bg5 Qe8 16. Qd2 Qb5 17. Bxb5 Nef5 18. Bxh6 Bxh6 19. Bc6 Bxd2 20. Bxa8 Bxe1 21. Rxe1 Rxa8 22. Nxf5 exf5 23. e6 fxe6 24. Rxe6 Kf7 25. Kf1 Kxe6 26. Ng5+ Kf6 27. Nxh7+ Kg7 28. Ng5 Re8 29. f3 c5 30. dxc5 bxc5 31. Kf2 Rf8 32. Ne6+ Kg8 33. Nxf8 Kxf8 34. Ke3 Ke7 35. Kf4 Kf6 36. Ke3 Kg5 37. g3 Kf6 38. b3 Ke6 39. f4 Kd6 40. a3 d4+ 41. cxd4 cxd4+ 42. Kxd4 a6 43. b4 Kc6 44. a4 Kb6 45. Ke5 Kc6 46. Kf6 Kd5 47. b5 axb5 48. axb5 Kc5 49. Kxg6 Kxb5 50. Kxf5 Kc5 51. Ke6 Kd4 52. g4 Ke3 53. g5 Kxf4 54. g6 Kg5 55. g7 Kg6 56. g8Q+ Kh5 57. Kf5 Kh4 58. Qg4# 1-0